000 01015nam a2200301 c 4500
003 BLK
005 20250725163826.0
008 180408b bul|||||r ||||||| ||bul||
010 _aKNG00083026000
020 _a978-954-9415-36-0
_bиздат.: Водолей
040 _aBLK
041 _aBUL
_cBUL
080 _aБългарска литература
_b821.163.2
_x-31
_z821.163.2-31
100 1 _aХристозов, Петър
_eпърви автор
_9370891
139 _aХристозов, Петър
_bХ 82
245 1 0 _aЛицето на Опакия
_bРоман
_cПетър Христозов.
257 _aBGR
260 София
_bВодолей
_c2008
300 _a256 с.
_c20 см
380 _aX
500 _aПетър Христозов - псевд. на Христо Вълчев
852 _aЦб 239498
856 4 _qpdf
_u
856 4 _qpdf
_u
942 _cKNG
_n0
_016
944 _aCR
_c09.04.2008
_k30530
_lМинев Младен
944 _aED
_c11.12.2010
_k
999 _c78560
_d78560